<?xml version="1.0" encoding="UTF-8"?><?xml-stylesheet type="text/xsl" href="static/style.xsl"?><OAI-PMH xmlns="http://www.openarchives.org/OAI/2.0/" xmlns:xsi="http://www.w3.org/2001/XMLSchema-instance" xsi:schemaLocation="http://www.openarchives.org/OAI/2.0/ http://www.openarchives.org/OAI/2.0/OAI-PMH.xsd"><responseDate>2026-04-27T01:59:15Z</responseDate><request verb="GetRecord" identifier="oai:repisalud.isciii.es:20.500.12105/7928" metadataPrefix="marc">https://repisalud.isciii.es/rest/oai/request</request><GetRecord><record><header><identifier>oai:repisalud.isciii.es:20.500.12105/7928</identifier><datestamp>2024-09-27T21:50:06Z</datestamp><setSpec>com_20.500.12105_2052</setSpec><setSpec>com_20.500.12105_2051</setSpec><setSpec>col_20.500.12105_19609</setSpec></header><metadata><record xmlns="http://www.loc.gov/MARC21/slim" xmlns:dcterms="http://purl.org/dc/terms/" xmlns:doc="http://www.lyncode.com/xoai" xmlns:xsi="http://www.w3.org/2001/XMLSchema-instance" xsi:schemaLocation="http://www.loc.gov/MARC21/slim http://www.loc.gov/standards/marcxml/schema/MARC21slim.xsd">
   <leader>00925njm 22002777a 4500</leader>
   <datafield ind2=" " ind1=" " tag="042">
      <subfield code="a">dc</subfield>
   </datafield>
   <datafield ind2=" " ind1=" " tag="720">
      <subfield code="a">Notario, Laura</subfield>
      <subfield code="e">author</subfield>
   </datafield>
   <datafield ind2=" " ind1=" " tag="720">
      <subfield code="a">Lauzurica, Pilar</subfield>
      <subfield code="e">author</subfield>
   </datafield>
   <datafield ind2=" " ind1=" " tag="260">
      <subfield code="c">2018-09-20</subfield>
   </datafield>
   <datafield ind2=" " ind1=" " tag="520">
      <subfield code="a">La presente invención se refiere al uso de moduladores que inhiben la función de la molécula CD69, preferiblemente de un anticuerpo anti-CD69, para la elaboración de un medicamento para provocar la proliferación y salida o movilización de células hematopoyéticas desde médula ósea en un sujeto, de modo que es útil para la prevención y/o tratamiento de leucopenias, trombopenia, y/o pancitopenia.</subfield>
   </datafield>
   <datafield ind2=" " ind1=" " tag="520">
      <subfield code="a">REIVINDICACIONES: 1. Uso de un inhibidor de C069 para la elaboración de un medicamento para provocar la proliferación de precursores hematopoyéticos y su salida desde médula ósea en un sujeto, donde el inhibidor es un anticuerpo monoclonal que se une específicamente a C069, un RNA de inteñerencia, un microRNA o una cadena de ácido nucleico antisentido. &#xd;
&#xd;
2. Uso de un inhibidor de C069 según la reivindicación 1 donde el medicamento es para la prevención o el tratamiento de leucopenia, trombopenia y/o pancitopenia en un sujeto. &#xd;
&#xd;
3. Uso según la reivindicación 2 donde la leucopenia es neutropenia, linfopenia, eosinopenia y/o monocitopenia. &#xd;
&#xd;
4. Uso según la reivindicación 1 donde el medicamento es para la obtención de dichos precursores para un trasplante. &#xd;
&#xd;
5. Uso según cualquiera de las reivindicaciones 1 a 4 donde el anticuerpo &#xd;
&#xd;
monoclonal se selecciona de la lista que consiste en: anticuerpo humanizado, anticuerpo humano, anticuerpo quimérico, anticuerpo deinmunizado, fragmentos de anticuerpos y nanocuerpo. &#xd;
&#xd;
6. Uso según cualquiera de las reivindicaciones 1 a 5 donde el inhibidor de C069 es el anticuerpo monoclonal 2.8 que se une específicamente a C069 humano, donde dicho anticuerpo comprende una cadena pesada que comprende la SEO ID NO: 9 y una cadena ligera que comprende la SEO ID NO: 10. &#xd;
&#xd;
7. Uso según cualquiera de las reivindicaciones 1 a 6 donde el sujeto ha sido o va a 30 ser tratado con quimioterapia y/o radioterapia. &#xd;
&#xd;
8. Uso según cualquiera de las reivindicaciones 1 a 7 donde el medicamento se administra de forma oral, parenteral, intra-muscular, intra-peritoneal, intra-arterial, intra-venosa, intra-traqueal, intra-nasal, transdérmica, intra-dérmica, intra-vaginal, &#xd;
&#xd;
intravesicular, epidural, subcutánea, cutánea, tópica, ótica, oftálmica, inhalatoria, sublingual, vaginal, rectal, gastroentérica o mucosa. &#xd;
&#xd;
9. Uso según cualquiera de las reivindicaciones 1 a 8 donde el medicamento se administra durante 5, 6 o 7 días. &#xd;
&#xd;
10. Uso según cualquiera de las reivindicaciones 1 a 9 donde el sujeto es un ser 5 humano. &#xd;
&#xd;
11. Uso in vitr o de un inhibidor de CD69 para la obtención de precursores hematopoyéticos, donde el inhibidor de CD69 es un anticuerpo monoclonal que se une específicamente a CD69, un RNA de interferencia, un microRNA o una cadena de ácido nucleico antisentido. &#xd;
&#xd;
12. Método in vitro de obtención de precursores hematopoyéticos útiles para un trasplante que compren de: &#xd;
&#xd;
a. Recolectar desde una muestra aislada de sangre, linfa u órganos linfáticos las células madre hematopoyéticas de un sujeto que recibió previamente un inhibidor de CD69; y &#xd;
&#xd;
b. almacenar las células obtenidas en el paso (a) hasta su utilización, &#xd;
&#xd;
donde el inhibidor de CD69 es un anticuerpo monoclonal que se une específicamente 20 a CD69, un RNA de interferencia, un microRNA o una cadena de ácido nucleico antisentido.</subfield>
   </datafield>
   <datafield ind2=" " ind1=" " tag="520">
      <subfield code="a">Cuando una patente se hace internacional, se puede encontrar en el idioma de cada país en que se ha solicitado. En Espacenet se tiene acceso a los documentos en cada idioma.</subfield>
   </datafield>
   <datafield ind1="8" ind2=" " tag="024">
      <subfield code="a">ES2682523 A1</subfield>
   </datafield>
   <datafield ind1="8" ind2=" " tag="024">
      <subfield code="a">http://hdl.handle.net/20.500.12105/7928</subfield>
   </datafield>
   <datafield ind1="8" ind2=" " tag="024">
      <subfield code="a">201730207</subfield>
   </datafield>
   <datafield tag="653" ind2=" " ind1=" ">
      <subfield code="a">Moduladores CD 69</subfield>
   </datafield>
   <datafield tag="653" ind2=" " ind1=" ">
      <subfield code="a">Precursores hematopoyéticos</subfield>
   </datafield>
   <datafield ind2="0" ind1="0" tag="245">
      <subfield code="a">Uso de moduladores de la función de CD69 para la movilización y proliferación de precursores hematopoyéticos.</subfield>
   </datafield>
</record></metadata></record></GetRecord></OAI-PMH>